Jaka To flaga? Wersja Europejskich flag (Dla geomexa) - Statystyki

Ogólne statystyki
  • Ten quiz został rozwiązany 506 razy
    489 od ostatniego zresetowania
  • Średni wynik to 27 z 31
Statystyki odpowiedzi
Obrazkowy Odpowiedź % Poprawnych
Polska
95%
Ukraina
95%
Francja
94%
Hiszpania
94%
Niemcy
93%
Rosja
93%
Cypr
92%
Belgia
91%
Czechy
90%
Portugalia
90%
Szwecja
90%
Wielka Brytania
90%
Białoruś
89%
Malta
89%
Estonia
88%
Finlandia
87%
Holandia
87%
Szwajcaria
87%
Litwa
86%
Monako
86%
Norwegia
86%
Słowacja
85%
Austria
84%
Dania
84%
Irlandia
84%
Łotwa
84%
Rumunia
84%
Indonezja
81%
Węgry
81%
Włochy
78%
Bułgaria
75%
Nie znaleziono quizów pasujących do podanych kryteriów
Rozkład punktacji
Procent ludzi z każdym wynikiem
Percentyl według liczby udzielonych odpowiedzi
Twoja historia wyników
Nie rozwiązałeś tego quizu od ostatniego zresetowania